| 000 | 00364nam a22001217a 4500 | ||
|---|---|---|---|
| 082 | _aTHE 200 | ||
| 100 |
_aNEEHA FAROOQ _972805 |
||
| 245 | _aTH-SOF-0761-EVALUATING THE EFFECTIVENESS OF COMMUNITY BASED MICRO HYDROPOWER | ||
| 260 |
_aNUST COLLEGE OF EME _bISLAMABAD _c2001 |
||
| 650 |
_aMS-EM-5 MSTHESIS _972537 |
||
| 700 |
_aDR SHAFQAT HAMEED _929330 |
||
| 942 | _cCF | ||
| 999 |
_c578783 _d578783 |
||